• 首页
  • 本馆介绍
  • 公告通知
  • 最新文献
  • 馆藏检索
  • 电子资源
  • 读者导购
  • 参考咨询
  • 我的图书馆
  • 登录
  • 详细信息显示
  • 放入我的书架
  • 预约/预借图书
  • 作者相关作品
  • 分类相关作品
  • 丛书相关作品
  • 出版社相关作品

书目信息

  • 表格格式
  • 工作单格式
  • 卡片格式
题名:
高校排球教学实践及其课程创新研究
    
 
作者: 王然 著
分册:  
出版信息: 长春   吉林科学技术出版社  2022.05
页数: 262页
开本: 24cm
丛书名:
单 册:
中图分类: G842.2
科图分类:
主题词: 排球运动--教学研究--高等学校
电子资源:
ISBN: 978-7-5578-8132-0
000 00828nam0 2200229 450
001 012001001743
005 20140201172149.0
010    @a978-7-5578-8132-0@dCNY50.00
100    @a20220905d2021 em y0chiy50 ea
101 0  @achi
102    @aCN@b220000
105    @ay z 000yy
106    @ar
200 1  @a高校排球教学实践及其课程创新研究@Agao xiao pai qiu jiao xue shi jian ji qi ke cheng chuang xin yan jiu@f王然著
210    @a长春@c吉林科学技术出版社@d2022.05
215    @a262页@d24cm
330    @a本书共十章,内容包括:高校排球教学现状与特征、高校排球教学概述、高校排球教学模式、高校排球实用技术分析及教学实践、高校排球实用战术分析及教学实践等。
606 0  @a排球运动@x教学研究@x高等学校
690    @aG842.2@v5
701  0 @a王然@Awang ran@4著
801  0 @aCN@bAHXH@c20221111
905    @b1366869-73@dG842.2@e2017@f5
    
    高校排球教学实践及其课程创新研究/王然著.-长春:吉林科学技术出版社,2022.05
    262页;24cm
    
    
    ISBN 978-7-5578-8132-0:CNY50.00
    本书共十章,内容包括:高校排球教学现状与特征、高校排球教学概述、高校排球教学模式、高校排球实用技术分析及教学实践、高校排球实用战术分析及教学实践等。
●
相关链接 在E读中查询图书 在五车中查询图书 在当当中查询图书 在豆瓣中查询图书


正题名:高校排球教学实践及其课程创新研究     索取号:G842.2/2017         预约/预借

序号 登录号 条形码 馆藏地/架位号 状态 备注
1 1366869   213668690   第一样本阅览室/ [索取号:G842.2/2017] 在馆    
2 1366870   213668707   教育系资料室/ [索取号:G842.2/2017] 在馆    
3 1366871   213668716   教育系资料室/ [索取号:G842.2/2017] 在馆    
4 1366872   213668725   第四借阅区/ [索取号:G842.2/2017] 在馆    
5 1366873   213668734   第四借阅区/ [索取号:G842.2/2017] 在馆    
唐山师范学院图书馆 欢迎您!
大连网信软件有限公司© 版权所有